1880 1208 1182 1711 1415 1122 1898 1981 1908 1127 1423 1028 1417 1967 1521 1701 1214 1878 1270 1964 1486 1494 1920 1131 1687 1077 1553 1842 1110 1360 1139 1032 1970 1751 1499 1926 1801 1369 1893 1548 1759 1689 1731 1282 1338 1474 1702 1832 1417 1912 1297 1901 1256 1819 1771 1729 1993 1842 1948 1566 1766 1765 1546 1139 1179 1879 1889 1574 1049 1294 1760 1349 1440 1476 1314 1675 1081 1547 1036 1589 1737 1692 1246 1771 1659 1116 1088 1171 1656 1918 1690 1048 1031 1398 1281 1282 1454 1644 1239 BCNSPRNW ULIB Ver.6.0+V

เปลี่ยนเป็นภาษาไทย

Change to English
 แสดงรายละเอียดบรรณานุกรม
  กลับหน้าหลัก

Brief Record : Get Marc (ISO 2709) : E-mail record : QR code < ปิดหน้าต่าง
LEADER : 00000nam 2200000uu 4500
001    13399125031
003     ULIB
008    160529s2557||||th 000 0 tha d
020    ^a9789747533866
060  4 ^aWF145^bช637ก
100 0  ^aชุลี โจนส์ (อุบลสัคคะ)
245 00 ^aกายภาพบำบัดระบบหายใจ : เทคนิคการตรวจร่างกายและการระบายเสมหะ/^bชุลี โจนส์
250    ^aพิมพ์ครั้งที่ 3
260    ^aขอนแก่น:^bคลังนานาวิทยา,^c2557
300    ^a213 หน้า : ภาพประกอบ , 26 ซม.
500    ^aการพยาบาลผู้ใหญ่
505 0  ^a1.อาการแสดงของโรคปอด--2.การสังเกต--3.การคลำ--4.การฟัง--5.การเคาะ--6.เสมหะและการกำจัดเสมหะ--7.หัตถการทางกายภาพบำบัดเพื่อระบายเสมหะ--8.เทคนิคการกำจัดเสมหะด้วยตนเอง--9.เทคนิคการกำจัดเสมหะด้วยอุปกรณ์
650  0 ^aระบบหายใจ- -โรค- -กายภาพบำบัด
650  0 ^aมหาวิทยาลัยขอนแก่น คณะเทคนิคการแพทย์
650  0 ู^aการตรวจร่างกาย
650  0 ^aการระบายเสมหะ
945    ^p300^l0^i001099
945    ^p300^l0^i001100
945    ^p300^l0^i001101
945    ^p300^l0^i001102
945    ^p300^l0^i001103
945    ^p300^l0^i001104
945    ^p300^l0^i001105
999    ^aเกษร โพธิ์สุวรรณ
รายการนี้ยังไม่มีแท็ก
คุณยังไม่ได้ล็อกอิน คุณสามารถมีกิจกรรมร่วมกับเว็บไซต์ได้ แต่ต้องล็อกอินก่อน ::
  ล็อกอิน

รายการสื่อสารสนเทศ

ลำดับที่ ประเภท เลขเรียก/บาร์โค้ด สถานที่ สถานะ
1. วิทยาศาสตร์การแพทย์ และสุขภาพ
วิทยาศาสตร์การแพทย์ และสุขภาพ
สถานะ=หนังสือเก่า
WF145 ช637ก ฉ.1 
  Barcode: 001099
ห้องสมุดวิทยาเขตสวรรค์ประชารักษ์
►ส่วนจัดเก็บหนังสือเก่า สปร
บนชั้น
  ขอยืม
2. วิทยาศาสตร์การแพทย์ และสุขภาพ
วิทยาศาสตร์การแพทย์ และสุขภาพ
สถานะ=หนังสือเก่า
WF145 ช637ก ฉ.2 
  Barcode: 001100
ห้องสมุดวิทยาเขตสวรรค์ประชารักษ์
►ส่วนจัดเก็บหนังสือเก่า สปร
บนชั้น
  ขอยืม
3. วิทยาศาสตร์การแพทย์ และสุขภาพ
วิทยาศาสตร์การแพทย์ และสุขภาพ
สถานะ=หนังสือเก่า
WF145 ช637ก ฉ.3 
  Barcode: 001101
ห้องสมุดวิทยาเขตสวรรค์ประชารักษ์
►ส่วนจัดเก็บหนังสือเก่า สปร
บนชั้น
  ขอยืม
4. วิทยาศาสตร์การแพทย์ และสุขภาพ
วิทยาศาสตร์การแพทย์ และสุขภาพ
สถานะ=หนังสือเก่า
WF145 ช637ก ฉ.4 
  Barcode: 001102
ห้องสมุดวิทยาเขตสวรรค์ประชารักษ์
►ส่วนจัดเก็บหนังสือเก่า สปร
บนชั้น
  ขอยืม
5. วิทยาศาสตร์การแพทย์ และสุขภาพ
วิทยาศาสตร์การแพทย์ และสุขภาพ
สถานะ=หนังสือเก่า
WF145 ช637ก ฉ.5 
  Barcode: 001103
ห้องสมุดวิทยาเขตสวรรค์ประชารักษ์
►ส่วนจัดเก็บหนังสือเก่า สปร
บนชั้น
  ขอยืม
6. วิทยาศาสตร์การแพทย์ และสุขภาพ
วิทยาศาสตร์การแพทย์ และสุขภาพ
สถานะ=หนังสือเก่า
WF145 ช637ก ฉ.6 
  Barcode: 001104
ห้องสมุดวิทยาเขตสวรรค์ประชารักษ์
►ส่วนจัดเก็บหนังสือเก่า สปร
บนชั้น
  ขอยืม
7. วิทยาศาสตร์การแพทย์ และสุขภาพ
วิทยาศาสตร์การแพทย์ และสุขภาพ
สถานะ=หนังสือเก่า
WF145 ช637ก ฉ.7 
  Barcode: 001105
ห้องสมุดวิทยาเขตสวรรค์ประชารักษ์
►ส่วนจัดเก็บหนังสือเก่า สปร
บนชั้น
  ขอยืม

รายการใกล้เคียง
    ผู้แต่ง [ชุลี โจนส์ (อุบลสัคคะ)]

    หัวเรื่อง [ระบบหายใจ- -โรค- -กายภาพบำบัด]
    หัวเรื่อง [มหาวิทยาลัยขอนแก่น คณะเทคนิคการแพทย์]
    หัวเรื่อง [การระบายเสมหะ]

BibComment


ยังไม่เคยถูกคอมเมนท์

คอมเมนท์ทรัพยากรรายการนี้
  คอมเมนท์: กายภาพบำบัดระบบห..


 Copyright 2026. Bcnsprnw @Library